000 00423nam a2200157Ia 4500
008 230718s9999 xx 000 0 und d
041 _aeng
082 _a363.3'2'0973
_bBUC
100 _aBuck G.
245 _aPreparing For Terrorism
_bAn Emergency services Guide
260 _c2002
_bDelmer
300 _a329
365 _cRs.
_b421.60
700 _aBuck G.
906 _dO:0060123-Feb-2010B:59830-Oct-2009
_cGENRL
_b84.32
999 _c324227
_d324227